Cities Above 1000m - Sudden Death - Statistics

General Stats
  • This quiz has been taken 30 times
  • The average score is 5 of 12
Answers on the Grid
Answers color-coded by a green-red scale on the quiz's grid according to % correct below.
Addis Ababa
Bangalore
Bogota
Brasilia
Calgary
Canberra
Cape Town
Caracas
Denver
Geneva
Johannesburg
Kinshasa
Lhasa
Manila
Marrakesh
Mexico City
Minneapolis
New York
Oslo
Quito
Riyadh
Sana'a
Santa Fe
Shanghai
St. Petersburg
Tbilisi
Tehran
Turin
 
Answer Stats
Answer % Correct
2,500 m (8,202 ft) Addis Ababa
70%
2,620 m (8,596 ft) Bogota
70%
2,240 m (7,349 ft) Mexico City
65%
1,596 m (5,236 ft) Denver
61%
2,850 m (9,350 ft) Quito
52%
3,658 m (12,001 ft) Lhasa
30%
2,130 m (6,988 ft) Santa Fe
30%
1,184 m (3,884 ft) Tehran
30%
1,067 m (3,501 ft) Brasilia
22%
2,350 m (7,710 ft) Sana'a
17%
1,762 m (5,781 ft) Johannesburg
13%
1,082 m (3,550 ft) Calgary
9%
No matching quizzes found
Score Distribution
Percent of People with Each Score
Percentile by Number Answered
Your Score History
You have not taken this quiz